Microsoft Word 6 for the Macintosh made easy

Bibliographic Details
Main Author: Hoffman, Paul
Format: Book
Published: Berkley : Osborne McGraw - Hill , 1994
Subjects:

MARC

LEADER 00000cam a2200000 7i4500
001 0000002735
005 20050514.0
020 |a 0078820650 
040 |a INS 
090 0 0 |a Z52.5.M52   |b H62768 1994 
100 1 |a Hoffman, Paul 
245 1 0 |a Microsoft Word 6 for the Macintosh made easy   |c Paul Hoffman 
260 |a Berkley :   |b Osborne McGraw - Hill ,   |c 1994 
300 |a 438p ;   |c 23cm. 
650 0 0 |a Computers 
650 0 0 |a Microsoft Word 6 (computer program) 
999 |a 0000006022   |b BOOK   |c Open Shelf   |e Default branch